ESP for the University

Αποθηκεύτηκε σε:
Λεπτομέρειες βιβλιογραφικής εγγραφής
Άλλοι συγγραφείς: Harper, David (Επιμελητής έκδοσης)
Μορφή: Βιβλίο
Γλώσσα:English
Δημοσίευση: Oxford,New York : Pergamon, 1986
Σειρά:ELT documents ; ; 123
Θέματα:
Ετικέτες: Προσθήκη ετικέτας
Δεν υπάρχουν, Καταχωρήστε ετικέτα πρώτοι!

MARC

LEADER 00000nam a2200000 i 4500
001 1/35935
008 960513s1986 eng d
020 |a 0-08-033477-6 
035 |a ΠΑΡ-1995  |b 07/26  |c ΤΣΑΤΣΑΡΩΝΗΣ  |l 10024389 
040 |a GR-MY-UA  |b gre  |e aacr 
041 0 |a eng 
082 0 |a 428.00711538 
245 1 0 |a ESP for the University /  |c edited by: David Harper 
260 |a Oxford,New York :   |b Pergamon,   |c 1986 
300 |a 176 p. 
490 1 |a ELT documents  |v ; 123 
650 0 0 |a English language  |x Study and teaching (Higher)  |x Foreign speakers  |x Congresses. 
650 0 0 |a English language  |x Study and teaching (Higher)  |x Arabic speakers  |x Congresses. 
700 1 |a Harper, David.  |4 edt 
830 0 |a ELT documents ;  |v ; 123 
852 |a INST  |b CHIOS  |e 19960513  |h 428.00711538 ESP  |p 005200008536  |q 005200008536  |t BK  |y 0 
909 |a Χ  |b 044708